<?xml version="1.0" encoding="UTF-8"?>
<record
    xmlns:xsi="http://www.w3.org/2001/XMLSchema-instance"
    xsi:schemaLocation="http://www.loc.gov/MARC21/slim http://www.loc.gov/standards/marcxml/schema/MARC21slim.xsd"
    xmlns="http://www.loc.gov/MARC21/slim">

  <leader>01120nam a2200229Ia 4500</leader>
  <controlfield tag="001">15477</controlfield>
  <controlfield tag="005">20260407123746.0</controlfield>
  <controlfield tag="008">260306t2012||||xx |||||||||||||| ||und||</controlfield>
  <datafield tag="041" ind1=" " ind2=" ">
    <subfield code="a">ESP</subfield>
  </datafield>
  <datafield tag="082" ind1=" " ind2=" ">
    <subfield code="a">540.076</subfield>
    <subfield code="b">C254</subfield>
  </datafield>
  <datafield tag="100" ind1=" " ind2=" ">
    <subfield code="a">Climent Olmedo, Mar&#xED;a Jos&#xE9;</subfield>
    <subfield code="e">AUT</subfield>
  </datafield>
  <datafield tag="245" ind1=" " ind2="0">
    <subfield code="a">Qu&#xED;mica para ingenier&#xED;a:</subfield>
    <subfield code="b">problemas y pr&#xE1;cticas</subfield>
  </datafield>
  <datafield tag="260" ind1=" " ind2=" ">
    <subfield code="c">2012</subfield>
  </datafield>
  <datafield tag="300" ind1=" " ind2=" ">
    <subfield code="a">239 p&#xE1;ginas :</subfield>
    <subfield code="c">24 cm.</subfield>
  </datafield>
  <datafield tag="650" ind1=" " ind2=" ">
    <subfield code="a">GEN</subfield>
  </datafield>
  <datafield tag="654" ind1=" " ind2=" ">
    <subfield code="a">CCN</subfield>
  </datafield>
  <datafield tag="856" ind1=" " ind2=" ">
    <subfield code="u">https://itmsp.museknowledge.com/UCSP?url=https://www.ebooks7-24.com:443/?il=10416&amp;pg=1</subfield>
    <subfield code="z">V&#xE9;ase adem&#xE1;s: Introducci&#xF3;n a la termodin&#xE1;mica en ingenier&#xED;a qu&#xED;mica. Versi&#xF3;n digital</subfield>
  </datafield>
  <datafield tag="856" ind1=" " ind2=" ">
    <subfield code="u">https://0u213vgxl-y-https-ebooks7--24-com.itmsp.museknowledge.com/biblioteca.aspx</subfield>
    <subfield code="z">V&#xE9;ase adem&#xE1;s: Base de datos Ebook7-24</subfield>
  </datafield>
  <datafield tag="856" ind1=" " ind2=" ">
    <subfield code="u">https://0u20fvgxr-y-https-research-ebsco-com.itmsp.museknowledge.com/c/qxo6us/search</subfield>
    <subfield code="z">V&#xE9;ase adem&#xE1;s: Base de datos EBSCOhost</subfield>
  </datafield>
  <datafield tag="856" ind1=" " ind2=" ">
    <subfield code="u">https://0u21avgyu-y-https-go-gale-com.itmsp.museknowledge.com/ps/start.do?authCount=1&amp;u=ucsp&amp;p=IFME&amp;aty=ip</subfield>
    <subfield code="z">V&#xE9;ase adem&#xE1;s: Base de datos Gale OneFile Informe Acad&#xE9;mico</subfield>
  </datafield>
  <datafield tag="942" ind1=" " ind2=" ">
    <subfield code="c">LIB</subfield>
    <subfield code="d">JUS</subfield>
    <subfield code="f">JUS</subfield>
    <subfield code="2">ddc</subfield>
  </datafield>
  <datafield tag="999" ind1=" " ind2=" ">
    <subfield code="c">15477</subfield>
    <subfield code="d">15477</subfield>
  </datafield>
  <datafield tag="952" ind1=" " ind2=" ">
    <subfield code="o">540.076 C254</subfield>
    <subfield code="p">1010525</subfield>
    <subfield code="8">UCSP</subfield>
    <subfield code="t">1</subfield>
    <subfield code="7">0</subfield>
    <subfield code="5">2</subfield>
    <subfield code="b">VAB</subfield>
    <subfield code="a">VAB</subfield>
    <subfield code="c">SP</subfield>
    <subfield code="d">2026-06-03</subfield>
    <subfield code="e">6</subfield>
    <subfield code="r">2026-03-06 22:01:59</subfield>
    <subfield code="l">0</subfield>
    <subfield code="w">2026-03-06</subfield>
    <subfield code="y">LIB</subfield>
    <subfield code="1">0</subfield>
    <subfield code="2">ddc</subfield>
    <subfield code="4">0</subfield>
    <subfield code="0">0</subfield>
  </datafield>
</record>
